School of Mines & Mineral Sciences: school handbook 2018-2022 academic period (Record no. 80344)

MARC details
000 -LEADER
fixed length control field 01168nam a2200193 a 4500
008 - FIXED-LENGTH DATA ELEMENTS--GENERAL INFORMATION
fixed length control field 180925s2018 xx |||||||||||||| || u
050 ## - LIBRARY OF CONGRESS CALL NUMBER
Classification number LG 469.K5 Cop
100 ## - MAIN ENTRY--PERSONAL NAME
Personal name The Copperbelt University
245 10 - TITLE STATEMENT
Title School of Mines & Mineral Sciences: school handbook 2018-2022 academic period
Statement of responsibility, etc. By The Copperbelt University, School of Mines & Mineral Sciences
260 ## - PUBLICATION, DISTRIBUTION, ETC.
Place of publication, distribution, etc.
Name of publisher, distributor, etc. The Copperbelt University
Date of publication, distribution, etc. 2018
300 ## - PHYSICAL DESCRIPTION
Extent 360 pages
650 ## - SUBJECT ADDED ENTRY--TOPICAL TERM
Topical term or geographic name entry element ACADEMIC REGULATIONS
650 ## - SUBJECT ADDED ENTRY--TOPICAL TERM
Topical term or geographic name entry element DEGREE PROGRAMS 2018-2022 ACADEMIC PERIOD
710 ## - ADDED ENTRY--CORPORATE NAME
Corporate name or jurisdiction name as entry element The Copperbelt University, School of Mines & Mineral Sciences
995 ## -
-- SPECIAL COLLECTIONS
-- 748720
-- CBU-MAIN LIBRARY (Kitwe)
-- ZAM LG 469.K5 Cop
-- 3
-- AVAILABLE
-- Jan 18, 2021
-- 748720
-- Zambiana Collection
995 ## -
-- SPECIAL COLLECTIONS
-- 748719
-- CBU-MAIN LIBRARY (Kitwe)
-- ZAM LG 469.K5 Cop
-- 2
-- AVAILABLE
-- Jan 18, 2021
-- 748719
-- Zambiana Collection
995 ## -
-- REFERENCE BOOKS
-- 748718
-- CBU-MAIN LIBRARY (Kitwe)
-- LG 469.K5 Cop
-- 1
-- AVAILABLE
-- Jun 17, 2019
-- 748718
-- Reference Collection
995 ## -
-- SPECIAL COLLECTIONS
-- 748721
-- CBU-MAIN LIBRARY (Kitwe)
-- ZAM LG 469.K5 Cop
-- 4
-- AVAILABLE
-- Jan 18, 2021
-- 748721
-- Zambiana Collection
999 ## -
-- 80344
-- 80344
Holdings
Withdrawn status Lost status Source of classification or shelving scheme Damaged status Not for loan Permanent Location Current Location Shelving location Date acquired Total Checkouts Full call number Barcode Date last seen Copy number Price effective from Koha item type
          CBU-MAIN LIBRARY, KITWE. CBU-MAIN LIBRARY, KITWE.   06/29/2023   ZAM LG 469.K5 Cop 748720 06/29/2023 1 06/29/2023 SPECIAL COLLECTION
          CBU-MAIN LIBRARY, KITWE. CBU-MAIN LIBRARY, KITWE.   06/29/2023   ZAM LG 469.K5 Cop 748719 06/29/2023 2 06/29/2023 SPECIAL COLLECTION
          CBU-MAIN LIBRARY, KITWE. CBU-MAIN LIBRARY, KITWE.   06/29/2023   REF LG 469.K5 Cop 748718 06/29/2023 3 06/29/2023 REFERENCE COLLECTION
          CBU-MAIN LIBRARY, KITWE. CBU-MAIN LIBRARY, KITWE.   06/29/2023   ZAM LG 469.K5 Cop 748721 06/29/2023 4 06/29/2023 SPECIAL COLLECTION